000 00791nam a22002417a 4500
005 20251108165838.0
008 250721s1998 xx 000 0 ara d
020 _a9770256048
082 1 4 _aط/ 927.813 / قاب
100 1 _aقابيل، محمد
245 1 0 _aالطفل العبقري /
250 _aط.2
246 1 3 _aموسوعة للأطفال تغطي مجالات المعرفة البشرية المختلفة
264 1 _aالقاهرة :
_bدار المعارف،
_c[1998].
300 _a16ص.:مص
490 0 _aماذا تعلم عن
_v10
650 1 7 _aالموسيقيون
650 1 7 _aالتراجم
653 _aأطفال مرحلة متوسطة (6-9 سنوات)
700 1 _aنجيب، أسامة أحمد
_eCart.
942 _2ddc
_cBK
999 _c32791
_d32791